000 01110pam a2200337 a 4500
001 4234
003 FISKH
005 20240705153532.0
008 931117s1994 nyua j 000 1 eng
010 _a 93044108
020 _a0670847739 :
040 _aDLC
_cDLC
_dDLC
_beng
050 _aPZ7.K6797
082 _a277
100 1 _aKline, Suzy.
245 1 0 _aSong Lee and the hamster hunt /
_cby Suzy Kline ; pictures by Frank Remkiewicz.
250 _aFirst Scholastic printing, April 2000
260 _aNew York :
_bScholastic,
_c1994
300 _a52 pages ;
_billustrations ;
_c20 cm
505 _aN
520 _aWhen Song Lee's hampster escapes from its cage in Room 2B, the class members and other students in South School become involved in the search for him.
521 _a580
_bLexile
521 _aN
_bRaz-Plus
650 1 _aSchools
_xFiction.
650 1 _aHamsters
_xFiction.
650 1 _aKorean Americans
_xFiction.
700 1 _aRemkiewicz, Frank,
_eillustrator
906 _a7
_bcbc
_corignew
_d1
_eocip
_f19
_gy-gencatlg
942 _2ddc
_cBK
_n0
999 _c4234
_d4234